Teología fundamental
Guardat en:
| Autor principal: | |
|---|---|
| Format: | Llibre |
| Idioma: | espanyol |
| Publicat: |
Barcelona
Herder
1987
|
| Matèries: | |
| Etiquetes: |
Afegir etiqueta
Sense etiquetes, Sigues el primer a etiquetar aquest registre!
|
MARC
| LEADER | 00000nam a2200000 a 4500 | ||
|---|---|---|---|
| 001 | UCW8098 | ||
| 003 | CL-VaPUC | ||
| 008 | 880509e19870000SP |||||||||||||||||spa|d | ||
| 082 | 0 | 4 | |a 239.7 |b FRI |2 21 |
| 100 | 0 | |a Fries, Heinrich |e author |9 313206 | |
| 245 | 1 | 0 | |a Teología fundamental |
| 300 | |a 698 p | ||
| 942 | |c BK | ||
| 945 | |d 19880509 00:00:00 | ||
| 260 | |a Barcelona |b Herder |c 1987 | ||
| 650 | 0 | |a Teología fundamental |9 313207 | |
| 650 | 0 | |a Apologética |9 269349 | |
| 583 | |a last modification |c 19880509 00:00:00 |k Rodrigo Vera | ||
| 999 | |c 220576 |d 220574 | ||
| 952 | |0 0 |1 0 |4 0 |6 239_700000000000000_FRI_1987 |7 0 |8 A |9 213009 |a BIBTEO |b BIBTEO |d 2019-11-15 |i 2813122 |o 239.7 FRI 1987 |p 2813122 |r 2025-01-17 |w 2019-11-15 |y BK |k ICR | ||